• 首页
  • 本馆介绍
  • 公告通知
  • 最新文献
  • 馆藏检索
  • 电子资源
  • 读者导购
  • 参考咨询
  • 我的图书馆
  • 登录
  • 详细信息显示
  • 放入我的书架
  • 预约/预借图书
  • 作者相关作品
  • 分类相关作品
  • 丛书相关作品
  • 出版社相关作品

书目信息

  • 表格格式
  • 工作单格式
  • 卡片格式
题名:
认知无线电中多信道动态频谱管理方法研究
    
 
作者: 赵楠 著
分册:  
出版信息: 北京   中国水利水电出版社  2019.04
页数: 146页
开本: 24cm
丛书名:
单 册:
中图分类: TN014
科图分类:
主题词: 无线电技术--wu xian dian ji shu--频谱--无线电管理--研究
电子资源:
ISBN: 978-7-5170-7167-9
000 00893nam0 2200229 450
001 0106081858
005 20201106082046.0
010    @a978-7-5170-7167-9@dCNY49.00
100    @a20190406d2019 em y0chiy50 ea
101 0  @achi
102    @aCN@b110000
105    @aa z 000yy
106    @ar
200 1  @a认知无线电中多信道动态频谱管理方法研究@Aren zhi wu xian dian zhong duo xin dao dong tai pin pu guan li fang fa yan jiu@f赵楠著
210    @a北京@c中国水利水电出版社@d2019.04
215    @a146页@c图@d24cm
330    @a本书围绕多信道动态频谱管理所涉及到的关键技术,具体介绍了认知无线电中多载波调制技术、多信道多用户协作频谱感知技术、多信道频谱资源优化分配技术、多用户协作频谱共享激励方法等。
606 0  @a无线电技术@Awu xian dian ji shu@x频谱@x无线电管理@x研究
690    @aTN014@v5
701  0 @a赵楠@Azhao nan@4著
801  0 @aCN@bBJSZM@c20201106
905    @b1193736-9@dTN014@e158@f4
    
    认知无线电中多信道动态频谱管理方法研究/赵楠著.-北京:中国水利水电出版社,2019.04
    146页:图;24cm
    
    
    ISBN 978-7-5170-7167-9:CNY49.00
    本书围绕多信道动态频谱管理所涉及到的关键技术,具体介绍了认知无线电中多载波调制技术、多信道多用户协作频谱感知技术、多信道频谱资源优化分配技术、多用户协作频谱共享激励方法等。
●
相关链接 在E读中查询图书 在五车中查询图书 在当当中查询图书 在豆瓣中查询图书


正题名:认知无线电中多信道动态频谱管理方法研究     索取号:TN014/158         预约/预借

序号 登录号 条形码 馆藏地/架位号 状态 备注
1 1193736   211937369   第二样本阅览室/ [索取号:TN014/158] 在馆    
2 1193737   211937378   第三借阅区/ [索取号:TN014/158] 在馆    
3 1193738   211937387   第三借阅区/ [索取号:TN014/158] 在馆    
4 1193739   211937396   第三借阅区/ [索取号:TN014/158] 在馆    
唐山师范学院图书馆 欢迎您!
大连网信软件有限公司© 版权所有